000
00222as aa2200097a 44500
090
_a
SERIADAS
_b
00950
245
1
0
_a
Revista Ceres
260
_b
Universidad Federal de Vicosa
_a
Brasil
041
0
_a
Portugués
942
_c
REVISTA
999
_c
17080
_d
17080